LDR 00696naa#a2200181#i#450# 001 EN\\bibl\124435 005 20260603112356.3 011 ## _a2409-3750 100 ## _a20260526b2026####ek#y0engy0150####ca 102 ## _aRU 200 1# _aPOSTOPERATIVE ANASTOMOSIS: STATUS OF THE PROBLEM AND PROSPECTS (literature review) _eJournal article 210 1# _aTula _cLLC Information and publishing center Innovations and investments _d2026 215 ## _a5 с. 608 ## _aJournal article _2local 675 ## _aГастроэктомия, резекция желудка. 616.33-089.87 _aМедицина. Охрана здоровья. 61 _z 700 #1 _aKazakov _gM. S. 700 #1 _aGuseynov _gArif Ziyadovich 856 4# _anaukaru.ru _u